header

Complementation (Record no. 2732)

MARC details
000 -LEADER
fixed length control field 02401nam a2200385Ia 4500
082 04 - DEWEY DECIMAL CLASSIFICATION NUMBER
Classification number 415
245 00 - TITLE STATEMENT
Title Complementation
260 ## - PUBLICATION, DISTRIBUTION, ETC. (IMPRINT)
Place of publication Amsterdam ;
-- Philadelphia :
Name of publisher J. Benjamins Pub. Co.,
Year of publication c2000.
300 ## - PHYSICAL DESCRIPTION
Number of Pages 241 p. :
Other physical details ill.
490 1# - SERIES STATEMENT
Series statement Converging evidence in language and communication research,
500 ## - GENERAL NOTE
General note Proceedings from the 5th International Cognitive Linguistics Conference, held in July 1997 at Vrije Universiteit, Amsterdam, Netherlands.
650 #0 - SUBJECT ADDED ENTRY--TOPICAL TERM
Topical Term Grammar, Comparative and general
Topical Term Cognitive grammar
Topical Term Functionalism (Linguistics)
700 1# - ADDED ENTRY--PERSONAL NAME
Personal name Horie, Kaoru.
856 40 - ELECTRONIC LOCATION AND ACCESS
Uniform Resource Identifier http://site.ebrary.com/lib/rucke/Doc?id=5000258

No items available.

© 2026 Rongo University
Contact us: librarian | system librarian | Rongo university